George Platt Lynes (1907-1955) /

Saved in:
Bibliografiske detaljer
Hovedforfatter: Leddick, David
Andre forfattere: Pohorilenko, Anatole (Author of introduction, etc.)
Format: Bog
Sprog:engelsk
tysk
fransk
Udgivet: Köln : Taschen, 2000
Tags: Tilføj Tag
Ingen Tags, Vær først til at tagge denne postø!

MARC

LEADER 00000nam a22000007i 4500
001 IT\ICCU\UBO\4217728
003 ItRI
005 20250815170949.0
008 170109s2000 gw |||||| ||||| |||||c
020 |a 382286403X 
040 |b ita  |c ct 
041 7 |a eng  |a ger  |a fre  |2 ISO-639-2 
100 1 |a Leddick, David  |0 IT\ICCU\CFIV\163008 
245 1 0 |a George Platt Lynes (1907-1955) /  |c David Leddick ; foreword by Anatole Pohorilenko. 
260 |a Köln :  |b Taschen,  |c 2000 
300 |a 239 p. ;  |c ill. : 34 cm 
500 |a Testo in inglese, francese e tedesco. 
700 1 |a Pohorilenko, Anatole  |0 IT\ICCU\PBEV\010221  |4 aui 
942 |2 ddc  |c BK 
952 |0 0  |1 0  |2 ddc  |4 0  |6 B_AFT01LEDDAGEO11  |7 0  |9 8617  |a MI  |b MI  |d 2006-04-22  |i 5132  |l 0  |o B-AFT01-LEDDA-GEO11  |p CDOM5132  |r 2025-07-17 21:50:31  |w 2025-07-17  |x ACQUISTO  |y BK 
981 1 |6 z01  |a i   |b xxxe  
982 1 |6 z01  |a n 
999 |c 7169  |d 7169